Statistics for Element Symbol by letter "C"

Click here to take the quiz!

General Stats

  • This quiz has been taken 30 times
  • The average score is 10 of 12

Answer Stats

HintAnswer% Correct
CaCalcium
100%
CCarbon
100%
CoCobalt
100%
CuCopper
100%
CdCadmium
90%
ClChlorine
90%
CsCaesium
80%
CrChromium
80%
CfCalifornium
70%
CeCerium
60%
CmCurium
60%
CnCopernicium
50%

Score Distribution

Percentile by Number Answered

Percent of People with Each Score

Your Score History

You have not taken this quiz